00477 2200181 4500001002100000005001500021035002000036245004400056100002600100250000600126300003700132260004400169082000800213084001500221020001800236650002400254990001700278INLIS00000000000072820190216111827 a0010-02190000391 aBertanam Melon /cIr Iskandar Hadiyanto0 aIr Iskandar Hadiyanto a- aviii, 41 hlm. :bilus. ;c21 cm. aJakarta :bPT Musi Perkasa Utama,c2005 a634 a634 ISK b a979-651-004-9 aTanaman Buah-buahan a02755/H/2018